[Event "C.to Regionale Piemonte"]
[Site "Torino ITA"]
[Date "2008.04.25"]
[Round "6"]
[White "Termini, Luigi Robert"]
[Black "Cavaliere, Simone"]
[Result "0-1"]
[WhiteElo "1459"]
[BlackElo "1895"]
[PlyCount "128"]
[EventDate "2008.04.20"]

1. c4 Nf6 2. Nf3 g6 3. Nc3 Bg7 4. d4 O-O 5. e4 d6 6. Be2 e5 7. O-O Nc6 8. d5
Ne7 9. Ne1 Nd7 10. Rb1 f5 11. f4 exf4 12. Bxf4 Bxc3 13. bxc3 fxe4 14. Qd4 Nc5
15. Bh6 Rxf1+ 16. Bxf1 Nf5 17. Qd2 Nxh6 18. Qxh6 Qf6 19. Qe3 Bd7 20. Nc2 Rf8
21. Nd4 Qf4 22. Qxf4 Rxf4 23. Nc2 Kg7 24. Ne3 Kf6 25. Be2 Kg7 26. Bd1 h5 27. h3
h4 28. Rb2 Kf6 29. Kh2 b6 30. Be2 Kg5 31. Kg1 Rf8 32. Rb1 Na4 33. Rc1 Nc5 34.
Nc2 Ba4 35. Nd4 a6 36. Ne6+ Nxe6 37. dxe6 Kf6 38. Bg4 Ke7 39. a3 Bb3 40. Re1
Rf4 41. Kh2 Bxc4 42. g3 Rf2+ 43. Kg1 hxg3 44. Re3 Rf4 45. Kg2 Bxe6 46. Kxg3 g5
47. Bd1 d5 48. Be2 b5 49. Bd1 Kd6 50. a4 bxa4 51. Bxa4 Rf3+ 52. Rxf3 exf3 53.
Kxf3 Bxh3 54. Bc2 Ke5 55. Ke3 c5 56. Bd3 a5 57. Bb5 Bf5 58. Ba4 Bg6 59. Kd2 Kf4
60. Bc6 Be4 61. Bb5 g4 62. Bf1 g3 63. Bh3 g2 64. Bxg2 Bxg2 0-1

[Event "C.to Regionale Piemonte"]
[Site "Torino ITA"]
[Date "2008.04.25"]
[Round "6"]
[White "Torrione, William"]
[Black "Gallucci, Alessio"]
[Result "1-0"]
[WhiteElo "1935"]
[BlackElo "2175"]
[PlyCount "106"]
[EventDate "2008.04.20"]

1. d4 Nf6 2. c4 e6 3. g3 d5 4. Bg2 dxc4 5. Nf3 Bb4+ 6. Bd2 Be7 7. Qc2 O-O 8.
Qxc4 Nbd7 9. O-O Nb6 10. Qb3 Qd5 11. Qxd5 exd5 12. Bg5 h6 13. Bxf6 Bxf6 14. Nc3
c6 15. e3 Bg4 16. Nd2 Be7 17. Rac1 g5 18. Bf3 Bxf3 19. Nxf3 Bd6 20. Ne2 Rae8
21. Kg2 f5 22. Rfe1 f4 23. exf4 gxf4 24. Nxf4 Bxf4 25. gxf4 Re4 26. Rxe4 dxe4
27. Nd2 Nd5 28. Nxe4 Nxf4+ 29. Kf1 Nd3 30. Rd1 Nb4 31. a3 Rf4 32. Nc5 Nc2 33.
Ke2 Rh4 34. Nxb7 Nxd4+ 35. Ke3 Ne6 36. Rc1 Rh3+ 37. f3 Rxh2 38. Rxc6 Ng5 39. b4
Kg7 40. Nd6 Rb2 41. Nf5+ Kf8 42. Rc8+ Kf7 43. Nxh6+ Kg7 44. Nf5+ Kf6 45. Nd4 a5
46. bxa5 Ra2 47. Rc3 Rh2 48. a6 Rh8 49. a7 Re8+ 50. Kf2 Nh3+ 51. Kg2 Ng1 52.
Rb3 Rg8+ 53. Kh2 Ke5 1-0

[Event "C.to Regionale Piemonte"]
[Site "Torino ITA"]
[Date "2008.04.25"]
[Round "7"]
[White "Angioni, Gian Carlo"]
[Black "Martin, Tiziano"]
[Result "1/2-1/2"]
[WhiteElo "1825"]
[BlackElo "1977"]
[PlyCount "46"]
[EventDate "2008.04.20"]

1. e4 e6 2. d4 d5 3. Nd2 dxe4 4. Nxe4 Nd7 5. Nf3 Ngf6 6. Nxf6+ Nxf6 7. Bd3 Be7
8. c3 O-O 9. Bg5 c5 10. Qe2 cxd4 11. Nxd4 Qa5 12. Nf3 Rd8 13. O-O Bd7 14. Bh4
Bc6 15. Rfe1 Bxf3 16. Qxf3 Rd7 17. Red1 Rad8 18. Qe2 a6 19. Bc4 Qa4 20. Rxd7
Qxd7 21. Bg5 h6 22. Be3 b5 23. Bb3 Qc7 1/2-1/2

[Event "C.to Regionale Piemonte"]
[Site "Torino ITA"]
[Date "2008.04.25"]
[Round "7"]
[White "Barletta, Mauro"]
[Black "Parodi, Alessandro"]
[Result "1-0"]
[WhiteElo "2205"]
[BlackElo "2041"]
[PlyCount "83"]
[EventDate "2008.04.20"]

1. e4 d6 2. d4 Nf6 3. Nc3 g6 4. f4 Bg7 5. e5 Nfd7 6. Nf3 O-O 7. Bc4 Nb6 8. Bb3
c5 9. dxc5 dxc5 10. Qxd8 Rxd8 11. Be3 N8d7 12. O-O-O Re8 13. e6 fxe6 14. Bxe6+
Kf8 15. Nb5 Nb8 16. Ng5 Bxe6 17. Nxe6+ Kf7 18. Nxg7 Rc8 19. f5 Kxg7 20. Bf4 Na6
21. Rhe1 Re8 22. fxg6 hxg6 23. Bg5 e6 24. Rd6 Nd5 25. Rexe6 Rxe6 26. Rxe6 Rf8
27. Kd2 Nab4 28. c3 Nc6 29. Nd6 Rf2+ 30. Re2 Rxe2+ 31. Kxe2 b6 32. Kd3 a6 33.
Ke4 Nc7 34. h4 b5 35. Be3 Kf6 36. Bxc5 Ke6 37. Nb7 Nd5 38. Bf2 Nf6+ 39. Kf4 Kd5
40. Nc5 Ne5 41. Bd4 Nfg4 42. Nxa6 1-0

[Event "C.to Regionale Piemonte"]
[Site "Torino ITA"]
[Date "2008.04.25"]
[Round "7"]
[White "Boetto, Massimo"]
[Black "Militello, Michele"]
[Result "1-0"]
[WhiteElo "2022"]
[BlackElo "1893"]
[PlyCount "86"]
[EventDate "2008.04.20"]

1. e4 e5 2. Nf3 d6 3. d4 Nf6 4. Nc3 Nbd7 5. Be2 Be7 6. O-O O-O 7. h3 c6 8. Be3
Qc7 9. Qd2 b5 10. a3 a6 11. Rad1 Bb7 12. Bg5 Rfe8 13. Qe3 exd4 14. Nxd4 d5 15.
Bf4 Bd6 16. Bxd6 Qxd6 17. Nf5 Qf8 18. Qg3 Nxe4 19. Nxe4 Rxe4 20. Bd3 Re6 21.
Nd4 Re5 22. Bf5 Re7 23. Bxd7 Rxd7 24. b4 Re7 25. Nb3 Ree8 26. Nc5 Bc8 27. a4
Re2 28. c3 Qe7 29. axb5 axb5 30. Nb3 Bf5 31. Nd4 Bc2 32. Rc1 Bd3 33. Qxd3 Re4
34. Nxc6 Qg5 35. Nd4 Qf4 36. Qg3 Qd2 37. Kh2 h5 38. Nf5 g5 39. Rfd1 Qf4 40.
Qxf4 Rxf4 41. Rxd5 Rxf2 42. Nd4 f6 43. Rxb5 Kg7 1-0

[Event "C.to Regionale Piemonte"]
[Site "Torino ITA"]
[Date "2008.04.25"]
[Round "7"]
[White "Cavaliere, Simone"]
[Black "Rasulo, Stefano"]
[Result "1/2-1/2"]
[WhiteElo "1895"]
[BlackElo "1614"]
[PlyCount "88"]
[EventDate "2008.04.20"]

1. e4 e6 2. d4 d5 3. Nc3 dxe4 4. Nxe4 Be7 5. Nf3 Nd7 6. Bd3 Ngf6 7. Ng3 b6 8.
O-O Bb7 9. Re1 O-O 10. Ne5 c5 11. c3 cxd4 12. cxd4 Rc8 13. a3 Nd5 14. f4 Nxe5
15. fxe5 Re8 16. Qg4 Bf8 17. Bg5 Qd7 18. Rad1 Ne7 19. Bxe7 Qxe7 20. Nh5 Kh8 21.
Re3 f5 22. exf6 gxf6 23. Nf4 Bh6 24. Rxe6 Qd7 25. Rxe8+ Qxe8 26. Qf5 Qg8 27. g3
Rd8 28. Be4 Bc8 29. Qxf6+ Bg7 30. Qh4 Bxd4+ 31. Kg2 Kg7 32. Qg5+ Kh8 33. Qh6
Qg7 34. Ng6+ Kg8 35. Qxg7+ Kxg7 36. Ne7 Re8 37. Nxc8 Rxe4 38. Nd6 Re2+ 39. Kf1
Rf2+ 40. Ke1 Bc5 41. Ne4 Rxb2 42. Nxc5 bxc5 43. Rd7+ Kg6 44. Rxa7 Rxh2 1/2-1/2

[Event "C.to Regionale Piemonte"]
[Site "Torino ITA"]
[Date "2008.04.25"]
[Round "7"]
[White "Finocchiaro, Gianluca"]
[Black "Saccona, Silvano"]
[Result "0-1"]
[WhiteElo "1991"]
[BlackElo "2178"]
[PlyCount "122"]
[EventDate "2008.04.20"]

1. d4 c6 2. c4 d5 3. cxd5 Qxd5 4. Nc3 Qa5 5. Nf3 Nf6 6. Qc2 Bf5 7. Qb3 Qb6 8.
Qxb6 axb6 9. Bg5 Nbd7 10. e3 e6 11. Be2 h6 12. Bxf6 Nxf6 13. O-O Be7 14. Ne5
O-O 15. Bf3 Rfd8 16. Rfd1 b5 17. a3 Bc2 18. Rdc1 Bh7 19. Ng4 Nd5 20. Nxd5 exd5
21. Be2 f6 22. h3 Ra7 23. Bd1 Rda8 24. Bb3 Kf8 25. Ra2 Ke8 26. Nh2 Kd7 27. Nf3
Bd3 28. Rca1 Bc4 29. Nd2 b6 30. Nxc4 bxc4 31. Bc2 b5 32. b3 Rxa3 33. Rxa3 Rxa3
34. Rxa3 Bxa3 35. Kf1 Kc7 36. Ke2 Kb6 37. Kd2 Ka5 38. Kc3 Bc1 39. Bf5 Ba3 40.
Bd7 Bb4+ 41. Kc2 Kb6 42. f3 Kc7 43. Be8 Kd6 44. e4 Be1 45. Bf7 Bf2 46. Kc3 Be1+
47. Kc2 Ba5 48. Bg6 h5 49. Bf7 h4 50. Bg8 Bb6 51. Kc3 cxb3 52. exd5 b2 53. Kxb2
Bxd4+ 54. Kb3 c5 55. Be6 Bf2 56. Bf7 Be1 57. Be6 c4+ 58. Kc2 Bg3 59. Kc3 Kc5
60. Bg8 b4+ 61. Kb2 Be5+ 0-1

[Event "C.to Regionale Piemonte"]
[Site "Torino ITA"]
[Date "2008.04.25"]
[Round "7"]
[White "Fittante, Giuliana"]
[Black "Fassio, Francesco"]
[Result "0-1"]
[WhiteElo "1854"]
[BlackElo "1710"]
[PlyCount "110"]
[EventDate "2008.04.20"]

1. d4 d5 2. Nf3 Nf6 3. Bg5 Ne4 4. Bf4 h6 5. Nbd2 Bf5 6. c3 Nxd2 7. Bxd2 c6 8.
Qb3 Qc8 9. Rc1 Nd7 10. Bf4 e6 11. e3 Be7 12. Be2 O-O 13. h3 c5 14. O-O b6 15.
Nd2 Rd8 16. Bf3 Nf6 17. c4 Qd7 18. dxc5 bxc5 19. Rfd1 Rac8 20. e4 dxe4 21. Nxe4
Qe8 22. Nd2 Bd6 23. Be3 Qe7 24. Qa3 Rd7 25. Nb3 Ne4 26. Qa6 Rcc7 27. Qa5 Rc6
28. Nd2 Qh4 29. Qa4 Rcc7 30. Nxe4 Bxe4 31. Bxe4 Qxe4 32. Bxc5 Bh2+ 33. Kxh2
Rxd1 34. Rxd1 Qe5+ 35. Kg1 Qxc5 36. Rd8+ Kh7 37. Qc2+ g6 38. Qc3 e5 39. Re8 f6
40. b3 a5 41. Qf3 Rc6 42. Qd3 Rd6 43. Re7+ Kh8 44. Re8+ Kg7 45. Qf3 Qa7 46. Ra8
Qc7 47. g3 f5 48. Qe3 Rd7 49. Qe1 Qb7 50. Qxe5+ Kf7 51. Qe8+ Kf6 52. Qh8+ Kg5
53. f4+ Kh5 54. g4+ Kh4 55. Re8 Rd1+ 0-1

[Event "C.to Regionale Piemonte"]
[Site "Torino ITA"]
[Date "2008.04.25"]
[Round "7"]
[White "Fortino, Fabrizio"]
[Black "Torrione, William"]
[Result "1/2-1/2"]
[WhiteElo "2079"]
[BlackElo "1935"]
[PlyCount "93"]
[EventDate "2008.04.20"]

1. c4 f5 2. d4 Nf6 3. Nc3 e6 4. Nf3 Be7 5. e3 b6 6. Bd3 Bb7 7. Qc2 d6 8. e4
fxe4 9. Nxe4 Nbd7 10. O-O Nxe4 11. Bxe4 Bxe4 12. Qxe4 e5 13. dxe5 Nxe5 14. Nxe5
dxe5 15. Qc6+ Kf7 16. Be3 Qd6 17. Qe4 Bf6 18. c5 Qe7 19. Rad1 h6 20. Qc6 Rhd8
21. Rd5 Kg6 22. Qa4 Qe8 23. Qe4+ Kf7 24. Rxd8 Qxd8 25. Qc6 Rb8 26. b3 Be7 27.
f4 exf4 28. Bxf4 Bxc5+ 29. Be3+ Kg8 30. Bxc5 bxc5 31. Qxc5 Rb6 32. h3 Qd6 33.
Qc4+ Kh8 34. Rc1 Ra6 35. b4 Qb6+ 36. Kh1 Ra4 37. Re1 Qg6 38. Re6 Rxb4 39. Qc6
Qb1+ 40. Kh2 Rb6 41. Re8+ Kh7 42. Qa8 Qf5 43. Rh8+ Kg6 44. Qe8+ Qf7 45. Qe4+
Qf5 46. Qe8+ Qf7 47. Qe4+ 1/2-1/2

[Event "C.to Regionale Piemonte"]
[Site "Torino ITA"]
[Date "2008.04.25"]
[Round "7"]
[White "Giacomasso, Enrico"]
[Black "Di Chiara, Mauro"]
[Result "1-0"]
[WhiteElo "1970"]
[BlackElo "1823"]
[PlyCount "81"]
[EventDate "2008.04.20"]

1. e4 c5 2. Nf3 Nc6 3. Nc3 Nf6 4. d4 cxd4 5. Nxd4 e5 6. Ndb5 d6 7. Bg5 a6 8.
Na3 b5 9. Nd5 Be7 10. Nxe7 Nxe7 11. Bd3 Nc6 12. O-O O-O 13. c3 Bb7 14. Qf3 h6
15. Bh4 g5 16. Bg3 b4 17. Nc4 bxc3 18. bxc3 Kg7 19. Ne3 Ne7 20. Rfd1 Qc7 21. c4
Nh7 22. Nf5+ Nxf5 23. Qxf5 h5 24. h3 Bc8 25. Qf3 g4 26. Qe2 Qe7 27. hxg4 hxg4
28. Qb2 Be6 29. Qa3 Qc7 30. Rac1 f6 31. c5 dxc5 32. Rxc5 Qd6 33. Be2 Qb6 34.
Rcc1 Ng5 35. Rd6 Qb7 36. Bh4 Qf7 37. Bxg5 fxg5 38. Qe3 Qe7 39. Rcc6 Bf7 40. Qc5
Kg8 41. Rg6+ 1-0

[Event "C.to Regionale Piemonte"]
[Site "Torino ITA"]
[Date "2008.04.25"]
[Round "7"]
[White "Leoni, Alessandro"]
[Black "Pitrola, Carlo"]
[Result "1/2-1/2"]
[WhiteElo "1897"]
[BlackElo "1827"]
[PlyCount "71"]
[EventDate "2008.04.20"]

1. e4 e6 2. d4 d5 3. Nc3 Bb4 4. e5 c5 5. Bd2 Ne7 6. Nb5 Bxd2+ 7. Qxd2 O-O 8.
dxc5 Nd7 9. f4 Nxc5 10. Bd3 f6 11. Nf3 fxe5 12. fxe5 Nxd3+ 13. Qxd3 Nf5 14.
O-O-O Qb6 15. Nbd4 Nxd4 16. Qxd4 Qxd4 17. Rxd4 Bd7 18. c3 h6 19. Kd2 b5 20. Ke3
Rab8 21. Rhd1 a5 22. a3 Rfc8 23. Rf4 Rc4 24. Rdd4 Rxd4 25. Rxd4 Rc8 26. Rf4 Rc4
27. Rxc4 bxc4 28. Kd4 Kf7 29. Kc5 Ke7 30. Kb6 a4 31. Nd4 Kd8 32. Ka5 Kc7 33.
Ka6 Bc8+ 34. Ka5 Bd7 35. Ka6 Bc8+ 36. Ka5 1/2-1/2

[Event "C.to Regionale Piemonte"]
[Site "Torino ITA"]
[Date "2008.04.25"]
[Round "7"]
[White "Loccisano, Giuseppe"]
[Black "Termini, Luigi Robert"]
[Result "1-0"]
[WhiteElo "1700"]
[BlackElo "1459"]
[PlyCount "109"]
[EventDate "2008.04.20"]

1. e4 c5 2. c3 e5 3. d4 Nf6 4. Bd3 cxd4 5. cxd4 Nc6 6. Nf3 exd4 7. Bg5 Be7 8.
O-O O-O 9. Re1 Re8 10. a3 Ng4 11. Bxe7 Rxe7 12. Nbd2 Nge5 13. Nxe5 Nxe5 14. Nf3
d6 15. Nxd4 Qb6 16. Bf1 Qxb2 17. Nc2 Qb6 18. Ne3 Bd7 19. Nd5 Qd8 20. Nxe7+ Qxe7
21. a4 a6 22. Qd4 Bc6 23. Bc4 Rd8 24. Bd5 Qg5 25. Kh1 Ng4 26. Rac1 Qh4 27. h3
Nxf2+ 28. Kg1 Qg3 29. Qxf2 Qxf2+ 30. Kxf2 Bxa4 31. Bxb7 Kf8 32. Bxa6 Bb3 33.
Rc3 Be6 34. Rec1 Ke7 35. Bc4 Bd7 36. Be2 g6 37. Rc7 h5 38. Bb5 Ke6 39. Bxd7+
Rxd7 40. Rxd7 Kxd7 41. Ke3 Ke6 42. Rc7 Kf6 43. Kd4 Ke6 44. Rc6 f6 45. Rc8 g5
46. Re8+ Kf7 47. Rh8 h4 48. Kd5 f5 49. exf5 Kf6 50. Rh6+ Kxf5 51. Rxd6 Kf4 52.
Rg6 Kf5 53. Rg8 Kf4 54. Kc6 Kg3 55. Rxg5+ 1-0

[Event "C.to Regionale Piemonte"]
[Site "Torino ITA"]
[Date "2008.04.25"]
[Round "7"]
[White "Marvin, Elio"]
[Black "Trusso Cafarello, Sebastiano"]
[Result "0-1"]
[WhiteElo "1822"]
[BlackElo "1521"]
[PlyCount "134"]
[EventDate "2008.04.20"]

1. e4 e5 2. Nf3 Nc6 3. c4 Nf6 4. d3 h6 5. Be2 Bc5 6. O-O d6 7. h3 O-O 8. Nc3
Nd4 9. Nxd4 Bxd4 10. Kh2 c6 11. Qc2 Be6 12. f4 exf4 13. Bxf4 Be5 14. Bxe5 dxe5
15. Rab1 Qc7 16. Bf3 Rad8 17. b3 Rd7 18. Be2 a6 19. c5 Nh7 20. g4 Qd8 21. Kg3
Qg5 22. Qc1 Qe7 23. h4 Qxc5 24. Rb2 b5 25. Rc2 Qe7 26. Nd1 Rc8 27. Rc5 Rdc7 28.
Qc2 f6 29. Ne3 Nf8 30. Nf5 Bxf5 31. gxf5 Nd7 32. Rc3 Qd6 33. Qc1 Qd4 34. Rc2 c5
35. a3 Nb6 36. Rd1 Qd6 37. Kf3 Qe7 38. Qe3 Qf7 39. Rdc1 Nd7 40. Rc3 Kh8 41. Kg3
Qe7 42. b4 Qd6 43. bxc5 Rxc5 44. Rxc5 Rxc5 45. Kf3 Rxc1 46. Qxc1 Qc5 47. Qb2 a5
48. Qb3 Nf8 49. d4 exd4 50. Qxb5 Qc3+ 51. Qd3 Qc5 52. a4 Nd7 53. Qb5 Ne5+ 54.
Kf2 Qc3 55. Qe8+ Kh7 56. Bh5 Qe3+ 57. Kf1 Qf4+ 58. Kg1 Qg3+ 59. Kf1 d3 60. Qd8
Qxh4 61. Bg6+ Nxg6 62. fxg6+ Kxg6 63. Qxd3 Qf4+ 64. Ke2 Kg5 65. Qd5+ Qe5 66.
Ke3 h5 67. Kf3 Qxd5 0-1

[Event "C.to Regionale Piemonte"]
[Site "Torino ITA"]
[Date "2008.04.25"]
[Round "7"]
[White "Medaglia, Enzo"]
[Black "Ferretti, Carlo"]
[Result "0-1"]
[WhiteElo "1820"]
[BlackElo "1963"]
[PlyCount "58"]
[EventDate "2008.04.20"]

1. e4 e5 2. Nf3 Nf6 3. Nc3 Bb4 4. Bc4 O-O 5. d3 d5 6. exd5 Nxd5 7. Bd2 Nxc3 8.
bxc3 Bd6 9. h3 Nc6 10. a3 Qe7 11. Bg5 Qe8 12. O-O Be6 13. Bb3 f5 14. Bc1 e4 15.
Re1 Bxb3 16. cxb3 Qf7 17. Ng5 Qf6 18. dxe4 Qxc3 19. Qd5+ Kh8 20. Bd2 Qf6 21. f4
Rad8 22. Qe6 Bc5+ 23. Be3 Bxe3+ 24. Rxe3 Qxa1+ 25. Kh2 Qd4 26. exf5 Qxf4+ 27.
Rg3 Qxf5 28. Qe3 Ne5 29. Qe2 Rd3 0-1

[Event "C.to Regionale Piemonte"]
[Site "Torino ITA"]
[Date "2008.04.25"]
[Round "7"]
[White "Moncelli, Giorgio"]
[Black "Sorcinelli, Francesco"]
[Result "0-1"]
[WhiteElo "2099"]
[BlackElo "2078"]
[PlyCount "138"]
[EventDate "2008.04.20"]

1. e4 c5 2. Nf3 d6 3. d4 cxd4 4. Nxd4 Nf6 5. Nc3 g6 6. Be2 Bg7 7. O-O O-O 8.
Be3 Nc6 9. Nb3 Be6 10. f4 Rc8 11. Bf3 a6 12. Nd5 Bxd5 13. exd5 Na5 14. Nxa5
Qxa5 15. Bd4 Nd7 16. Bxg7 Kxg7 17. Qd4+ Kg8 18. c4 Qc5 19. Qxc5 Nxc5 20. b3 Rc7
21. g3 Rb8 22. Rac1 Kg7 23. Rc3 h6 24. Re1 Kf6 25. Bd1 g5 26. Rf1 Kg7 27. fxg5
hxg5 28. Bh5 f6 29. Bg4 b5 30. Rfc1 b4 31. Re3 a5 32. Rce1 Kf7 33. Kg2 a4 34.
h4 Ra8 35. hxg5 axb3 36. axb3 Ra2+ 37. Kh3 fxg5 38. Rf1+ Kg7 39. Bh5 Kh6 40.
Kg4 Nd7 41. Re6+ Nf6+ 42. Rfxf6+ exf6 43. Rxf6+ Kg7 44. Rxd6 Rb2 45. Rb6 Rxb3
46. d6 Rxc4+ 47. Kxg5 Rxg3+ 48. Kf5 Rc5+ 49. Kf4 Rd3 50. Be8 Rd4+ 51. Ke3 Rh4
52. d7 Rc3+ 53. Kd2 Rh2+ 54. Kd1 Ra3 55. Rc6 Ra1+ 56. Rc1 Raa2 57. Rc2 Rh1+ 58.
Kd2 Raa1 59. Kd3 Rhd1+ 60. Rd2 Rxd2+ 61. Kxd2 Ra8 62. Kc2 Kf8 63. Kb3 Rb8 64.
Bh5 Ke7 65. Bg4 Rh8 66. Bf5 Rh4 67. d8=Q+ Kxd8 68. Be6 Rh6 69. Bc4 Rb6 0-1

[Event "C.to Regionale Piemonte"]
[Site "Torino ITA"]
[Date "2008.04.25"]
[Round "7"]
[White "Quagliana, Giuseppe"]
[Black "Sattanino, Andrea"]
[Result "1-0"]
[WhiteElo "2071"]
[BlackElo "1840"]
[PlyCount "72"]
[EventDate "2008.04.20"]

1. d4 Nf6 2. Bf4 e6 3. e3 c5 4. c3 d5 5. Nd2 Nc6 6. Bd3 Be7 7. h3 O-O 8. Ngf3
cxd4 9. exd4 a6 10. O-O Re8 11. Qe2 h6 12. Ne5 Bd6 13. Bg3 Qc7 14. f4 Nd7 15.
Qh5 Rf8 16. Bh4 Qb6 17. Nxc6 bxc6 18. Rab1 e5 19. fxe5 Bxe5 20. Nf3 Bf6 21. Kh1
Bxh4 22. Qxh4 Nf6 23. Ne5 Nd7 24. Ng4 c5 25. dxc5 Nxc5 26. Bc2 Ne4 27. Bxe4
dxe4 28. Nf6+ Kh8 29. Nxe4 Bb7 30. Rf6 Qe3 31. Re1 Qxe1+ 32. Qxe1 gxf6 33. Nxf6
Rad8 34. Qe5 Rd1+ 35. Kh2 Rg8 36. Nxg8+ Kxg8 1-0

[Event "C.to Regionale Piemonte"]
[Site "Torino ITA"]
[Date "2008.04.25"]
[Round "7"]
[White "Tallarico, Pierfrancesco"]
[Black "Berutti, Mario"]
[Result "1-0"]
[WhiteElo "1882"]
[BlackElo "1757"]
[PlyCount "115"]
[EventDate "2008.04.20"]

1. c4 e6 2. Nc3 d5 3. cxd5 exd5 4. d4 f5 5. Nf3 Nf6 6. Bg5 c6 7. e3 Bd6 8. Bd3
O-O 9. Qc2 h6 10. Bxf6 Qxf6 11. O-O Bd7 12. a3 Be8 13. Qb3 Nd7 14. g3 b6 15.
Nh4 Qg5 16. f4 Qe7 17. Rae1 g6 18. e4 Qg7 19. e5 Be7 20. Nf3 Kh8 21. Rc1 g5 22.
Ne2 g4 23. Ne1 Rc8 24. Ng2 h5 25. Ne3 Bg6 26. Ba6 Rc7 27. Qa4 b5 28. Bxb5 Nb6
29. Qb3 c5 30. dxc5 Bxc5 31. Qd3 Rfc8 32. b4 Bxe3+ 33. Qxe3 Nc4 34. Bxc4 dxc4
35. Rc3 Qd7 36. Nd4 Qd5 37. Rd1 Be8 38. Rd2 Rd7 39. e6 Rd6 40. Nf3 Qxe6 41.
Qxe6 Rxe6 42. Ne5 a5 43. bxa5 Ra6 44. Rxc4 Rb8 45. Rc5 h4 46. Kf2 hxg3+ 47.
hxg3 Kg7 48. Nc4 Rb3 49. Ne3 Rxa3 50. Nxf5+ Kh7 51. Ne3 Bc6 52. Rh5+ Kg7 53.
Nf5+ Kg6 54. Rd6+ Kf7 55. Rh7+ Kg8 56. Rg7+ Kf8 57. Rf6+ Ke8 58. Nd6+ 1-0

[Event "C.to Regionale Piemonte"]
[Site "Torino ITA"]
[Date "2008.04.25"]
[Round "7"]
[White "Zunino, Davide"]
[Black "Sorgi, Paolo"]
[Result "1-0"]
[WhiteElo "1986"]
[BlackElo "1922"]
[PlyCount "69"]
[EventDate "2008.04.20"]

1. d4 Nf6 2. Nf3 e6 3. e3 d5 4. Bd3 c5 5. b3 Nc6 6. O-O Be7 7. Bb2 O-O 8. Nbd2
b6 9. Ne5 Bd7 10. Qf3 Nb4 11. Qh3 Nxd3 12. cxd3 Re8 13. f4 g6 14. g4 Bf8 15. f5
exf5 16. gxf5 Bc8 17. Qg2 Bg7 18. fxg6 hxg6 19. Ndf3 Rf8 20. Ng5 Ng4 21. Ngxf7
Rxf7 22. Nxf7 Qh4 23. Rf3 cxd4 24. Bxd4 Nxe3 25. Bxe3 Bg4 26. Raf1 Bxf3 27.
Qxf3 Qe7 28. Ng5 Rd8 29. Qh3 Bc3 30. Rf7 Qxf7 31. Nxf7 Kxf7 32. Qh7+ Bg7 33.
Bd4 Rg8 34. Bxg7 Rxg7 35. Qh3 1-0

[Event "C.to Regionale Piemonte"]
[Site "Torino ITA"]
[Date "2008.04.26"]
[Round "8"]
[White "Boetto, Massimo"]
[Black "Fortino, Fabrizio"]
[Result "1-0"]
[WhiteElo "2022"]
[BlackElo "2079"]
[PlyCount "79"]
[EventDate "2008.04.20"]

1. e4 c5 2. Nc3 Nc6 3. g3 e6 4. Bg2 Nf6 5. Nge2 Be7 6. O-O O-O 7. d4 cxd4 8.
Nxd4 d6 9. Be3 a6 10. Qe2 Qc7 11. Rad1 Bd7 12. h3 Na5 13. Kh2 Nc4 14. Bc1 Rac8
15. f4 b5 16. Rf2 b4 17. Nb1 Rfd8 18. c3 a5 19. b3 Nb6 20. c4 Be8 21. Bb2 e5
22. Nf5 Bf8 23. Ne3 Bc6 24. fxe5 dxe5 25. Nd5 Bxd5 26. exd5 Nbd7 27. Rdf1 Bd6
28. Be4 Nf8 29. Nd2 Rd7 30. Rxf6 gxf6 31. Bf5 Be7 32. Qg4+ Kh8 33. Ne4 Rcd8 34.
Bxd7 Nxd7 35. Qh5 Rf8 36. d6 Bxd6 37. Rxf6 Nxf6 38. Nxf6 Kg7 39. Qg5+ Kh8 40.
Qh6 1-0

[Event "C.to Regionale Piemonte"]
[Site "Torino ITA"]
[Date "2008.04.26"]
[Round "8"]
[White "Di Chiara, Mauro"]
[Black "Gallucci, Alessio"]
[Result "0-1"]
[WhiteElo "1823"]
[BlackElo "2175"]
[PlyCount "68"]
[EventDate "2008.04.20"]

1. d4 Nf6 2. g3 d5 3. Nf3 Bf5 4. Bg2 e6 5. c4 c6 6. O-O Bd6 7. Nc3 O-O 8. Nh4
Bg4 9. Qc2 Nbd7 10. e4 dxe4 11. Nxe4 Nxe4 12. Qxe4 Nf6 13. Qc2 Rc8 14. b3 b5
15. Bb2 c5 16. d5 exd5 17. cxd5 c4 18. bxc4 Rxc4 19. Qd3 Nd7 20. Nf5 Ne5 21.
Bxe5 Bxe5 22. Rac1 Qc7 23. Rxc4 bxc4 24. Qe4 Bxf5 25. Qxf5 g6 26. Qc2 Rb8 27.
Rb1 Rxb1+ 28. Qxb1 c3 29. Qc2 f5 30. Kf1 Qc4+ 31. Qe2 Qb4 32. Qd3 Qb2 33. d6 c2
34. Qc4+ Kg7 0-1

[Event "C.to Regionale Piemonte"]
[Site "Torino ITA"]
[Date "2008.04.26"]
[Round "8"]
[White "Fassio, Francesco"]
[Black "Carnino, Luca"]
[Result "0-1"]
[WhiteElo "1710"]
[BlackElo "1849"]
[PlyCount "60"]
[EventDate "2008.04.20"]

1. c4 Nf6 2. Nc3 g6 3. g3 Bg7 4. Bg2 O-O 5. Rb1 c6 6. Nf3 d6 7. O-O e5 8. d3
Qe8 9. Nd2 Be6 10. b4 Qd7 11. b5 Bh3 12. bxc6 bxc6 13. Ba3 Bxg2 14. Kxg2 c5 15.
f3 Nc6 16. Nde4 Ne8 17. Qa4 h6 18. Nd5 f5 19. Nxc5 dxc5 20. Nb6 axb6 21. Qxa8
Nc7 22. Qa4 Ra8 23. Qb3 Nd4 24. Qb2 Nce6 25. e3 Nxf3 26. Qb3 Nd2 27. Qxb6 Nxb1
28. Bxc5 Rxa2+ 29. Kg1 Nxc5 30. Qxc5 Qb7 0-1

[Event "C.to Regionale Piemonte"]
[Site "Torino ITA"]
[Date "2008.04.26"]
[Round "8"]
[White "Ferretti, Carlo"]
[Black "Giacomasso, Enrico"]
[Result "1/2-1/2"]
[WhiteElo "1963"]
[BlackElo "1970"]
[PlyCount "55"]
[EventDate "2008.04.20"]

1. f4 d5 2. Nf3 Nf6 3. e3 Bg4 4. b3 g6 5. Bb2 Bg7 6. Be2 O-O 7. O-O c5 8. Ne5
Bxe2 9. Qxe2 Nfd7 10. d4 Qb6 11. Nd2 Nxe5 12. fxe5 cxd4 13. exd4 Nc6 14. Nf3
Rac8 15. c3 Nd8 16. Ba3 Qc7 17. Rac1 Bh6 18. Rc2 Qd7 19. Bc1 Bg7 20. Be3 Nc6
21. Qd2 f6 22. exf6 Rxf6 23. Bh6 Rcf8 24. Bxg7 Kxg7 25. Qe3 Re6 26. Qd3 Ref6
27. Qe3 Re6 28. Qd3 1/2-1/2

[Event "C.to Regionale Piemonte"]
[Site "Torino ITA"]
[Date "2008.04.26"]
[Round "8"]
[White "Malano, Francesco"]
[Black "Tallarico, Pierfrancesco"]
[Result "1/2-1/2"]
[WhiteElo "1939"]
[BlackElo "1882"]
[PlyCount "106"]
[EventDate "2008.04.20"]

1. b3 d5 2. Bb2 c5 3. e3 a6 4. f4 Nc6 5. Be2 Bf5 6. d3 f6 7. Nf3 Qc7 8. O-O
O-O-O 9. c4 dxc4 10. bxc4 Nb4 11. Ne1 Qd7 12. Nc3 e6 13. Na4 Qc7 14. Bc3 Nc6
15. Qb3 Bd6 16. Nf3 e5 17. Nb6+ Kb8 18. Nd5 Qd7 19. e4 Bg4 20. fxe5 Bxf3 21.
Bxf3 Bxe5 22. Rab1 Nge7 23. Bg4 f5 24. Bxe5+ Nxe5 25. Bxf5 Nxf5 26. Rxf5 Ng4
27. Qb6 g6 28. Rf4 h5 29. Rbf1 Qg7 30. Qxc5 Rd7 31. Rf8+ Rd8 32. Rxh8 Rxh8 33.
Qd6+ Ka7 34. Qb6+ Kb8 35. d4 h4 36. e5 h3 37. Qe6 Nxh2 38. Rf7 Qh6 39. Qd6+ Ka8
40. Nc7+ Ka7 41. Qc5+ Kb8 42. Nxa6+ Ka8 43. Qa3 Nf3+ 44. gxf3 Qg5+ 45. Kf1 Qg2+
46. Ke1 Qg1+ 47. Ke2 Qg2+ 48. Ke3 Qg1+ 49. Kd3 Qd1+ 50. Kc3 Qe1+ 51. Kd3 Qd1+
52. Ke3 Qe1+ 53. Kd3 Qb1+ 1/2-1/2

[Event "C.to Regionale Piemonte"]
[Site "Torino ITA"]
[Date "2008.04.26"]
[Round "8"]
[White "Marvin, Elio"]
[Black "Fittante, Giuliana"]
[Result "0-1"]
[WhiteElo "1822"]
[BlackElo "1854"]
[PlyCount "64"]
[EventDate "2008.04.20"]

1. e4 Nf6 2. d3 Nc6 3. c4 g6 4. Nf3 d6 5. h3 Bg7 6. Nc3 O-O 7. Be2 h6 8. Be3
Kh7 9. Qd2 Ng8 10. g4 e6 11. h4 f5 12. g5 h5 13. exf5 exf5 14. Nd5 Ne5 15.
O-O-O b5 16. cxb5 Bb7 17. Nxe5 dxe5 18. Nf6+ Nxf6 19. gxf6 Qxf6 20. Bg5 Qe6 21.
Qa5 Bxh1 22. Rxh1 Qd5 23. Rd1 a6 24. d4 axb5 25. Qxb5 Qxa2 26. dxe5 Rfb8 27.
Bc4 Rxb5 28. Bxa2 Rxa2 29. Rd7 Kg8 30. f4 Rbxb2 31. Rxc7 Rg2 32. Kb1 Rge2 0-1

[Event "C.to Regionale Piemonte"]
[Site "Torino ITA"]
[Date "2008.04.26"]
[Round "8"]
[White "Militello, Michele"]
[Black "Quagliana, Giuseppe"]
[Result "1/2-1/2"]
[WhiteElo "1893"]
[BlackElo "2071"]
[PlyCount "61"]
[EventDate "2008.04.20"]

1. d4 e6 2. Nf3 Nf6 3. Bg5 h6 4. Bh4 c5 5. c3 cxd4 6. Bxf6 Qxf6 7. Qxd4 Be7 8.
Nbd2 Nc6 9. Qxf6 Bxf6 10. e4 d5 11. Bb5 O-O 12. exd5 exd5 13. O-O Bf5 14. Rfe1
a6 15. Bxc6 bxc6 16. Nb3 a5 17. Nfd4 Bd7 18. Nc5 Bg4 19. h3 Bxd4 20. cxd4 Bf5
21. g4 Bg6 22. Nd7 Rfe8 23. Rxe8+ Rxe8 24. Ne5 Rb8 25. b3 a4 26. bxa4 Rb4 27.
Nxc6 Rxa4 28. Ne7+ Kf8 29. Nxd5 Rxd4 30. Ne3 Ra4 31. a3 1/2-1/2